[Event "ESP-ch U12"]
[Site "Salobrena"]
[Date "2023.07.11"]
[Round "3"]
[White "Guillen Urchaga, Daniel"]
[Black "Lirola Gimeno, Manuel Jaime"]
[Result "1/2-1/2"]
[WhiteElo "1226"]
[BlackElo "1422"]
[PlyCount "115"]
[EventDate "2023.07.10"]
[EventType "swiss"]
[EventRounds "9"]
[EventCountry "ESP"]
[SourceTitle "EXT 2024"]
[Source "ChessBase"]
[SourceDate "2023.10.10"]
[SourceVersion "1"]
[SourceVersionDate "2023.10.10"]
[SourceQuality "1"]

1. e4 e6 2. d4 d5 3. e5 c5 4. c3 Nc6 5. Nf3 Qb6 6. Bd3 Bd7 7. dxc5 Bxc5 8. 0-0 Nge7 9. b4 Nxb4 10. cxb4 Bd4 11. Be3 Bxe3 12. fxe3 Qxe3+ 13. Kh1 Nc6 14. Re1 Qb6 15. a3 Rc8 16. Nc3 Nxb4 17. Rc1 Nxd3 18. Qxd3 h6 19. Na4 Qa5 20. Rxc8+ Bxc8 21. Qc2 0-0 22. Qb3 Bd7 23. Nc3 Rc8 24. Ne2 Bb5 25. Ng3 Rc3 26. Qb1 Rxa3 27. Rc1 Bc6 28. Nd4 Rc3 29. Rf1 Qa4 30. Nf3 Qb3 31. Qa1 a6 32. Nd4 Qc4 33. Nf3 d4 34. Qb1 Qd3 35. Nxd4 Qxd4 36. Rd1 Qa4 37. Rd8+ Be8 38. Ne4 Rb3 39. Qc2 Qa1+ 40. Rd1 Qb2 41. Qc8 Qe2 42. Qxe8+ Kh7 43. Nf6+ Kg6 44. Rg1 Rd3 45. Qh8 Rd1 46. Qh7+ Kg5 47. Qxg7+ Kf5 48. Qh7+ Kxe5 49. Nd7+ Kd6 50. h3 Rxg1+ 51. Kxg1 Qe1+ 52. Kh2 Kxd7 53. Qxf7+ Kc6 54. Qf3+ Kc7 55. Qf4+ Kd7 56. Qxh6 Qe5+ 57. Kg1 Qa1+ 58. Kh2 1/2-1/2